000 00476nam a2200181Ia 4500
003 GCL
008 140319s9999 xx 000 0 ara d
040 _aGCL /
_cGCL
082 0 4 _a641.8
_bس م
100 1 _aسوفنير
245 1 0 _aمختارات شهية من المطبخ المصرى /
_cسوفنير
300 _a160ص
490 _a100 قصة
_v0
650 0 4 _aالاقتصاد المنزلى
650 0 4 _aالطبخ
650 0 4 _aالطهى
942 _2ddc
_cBK
999 _c44038
_d44038